| 000 | 01103nam a2200277 i 4500 | ||
|---|---|---|---|
| 003 | EG-GICUC | ||
| 005 | 20260413190518.0 | ||
| 008 | 260413r1990 us ||||fr|||| 000 0 eng d | ||
| 040 |
_aEG-GiCUC _beng _cEG-GiCUC _dEG-GiCUC _erda |
||
| 082 | 0 | 4 |
_221 _a341.851 _bSE . P |
| 092 | 0 | 4 | _221 |
| 099 | _aLaw1 12 341.851 SE . P 1998 | ||
| 110 |
_aThe Secretary-General and the International Bureau of the Permanent Court of Arbitration _eAuthor. |
||
| 245 | 1 | 0 |
_aPermanent Court of Arbitration: _bBasic Documents/ _cThe Secretary-General and the International Bureau of the Permanent Court of Arbitration. |
| 264 | 0 | 1 |
_aUnited States: _bThe Secretary-General and the International Bureau of the Permanent Court of Arbitration, _c1998. |
| 300 |
_a274 Pages; _c24 cm. |
||
| 336 |
_2rda content _atext |
||
| 337 |
_2rda media _aComputer |
||
| 338 |
_2rda carrier _aOnline Resource |
||
| 546 | _aText in English | ||
| 650 | 1 | _aPrivate International Law | |
| 650 | 1 | _aArbitration (International law) | |
| 856 | 4 | 0 | _uhttps://fll.law.cu.edu.eg/fulltext/bks/B12-03106.pdf |
| 905 | _a59 | ||
| 942 |
_2ddc _cBK _e21 _n0 |
||
| 999 |
_c70648 _d70648 |
||